| 000 | 01058nam a2200301 a 4500 | ||
|---|---|---|---|
| 001 | 000019101 | ||
| 005 | 20240513111405.0 | ||
| 008 | 100525s1970 ve 000 0 spa d | ||
| 040 |
_aDO-SdBNP _bspa _cBNPHU |
||
| 082 |
_a701.17 _bD695e |
||
| 100 | 1 |
_aVernengo, Roberto J., _913281 |
|
| 240 | 1 | 0 |
_aL´estetica del mito. _lEspañol. |
| 245 | 1 | 3 |
_aLa estética del mito : _bDe Vico a Wittgenstein / _cGillo Dorfles ; versión de Roberto J. Vernengo. |
| 260 |
_aCaracas, Venezuela : _bTiempo Nuevo, _c1970. |
||
| 300 |
_a119, [2] p. ; _c20 cm. |
||
| 490 | 1 | _aTemas contemporáneo | |
| 500 | _aIncluye notas al pie de las páginas | ||
| 504 | _aIncluye referencias bibliográficas y notas al pie de las páginas. | ||
| 534 |
_aTítulo en francés _tL´estetica del mito. _cMilán, Italia : U. Mursia & C., 1967 |
||
| 500 | _aIncluye índice | ||
| 650 | 4 |
_aEstética _9653 |
|
| 650 | 0 |
_aMitología _928523 |
|
| 650 | 4 |
_aLeyendas _919936 |
|
| 700 | 1 | 2 |
_aDorfles, Gillo, _941104 |
| 700 | 1 | _etr. | |
| 830 | 0 |
_aTemas contemporáneo _941105 |
|
| 049 | _aBNGR | ||
| 999 |
_c18619 _d18619 |
||